[Event "Olympiad-44"]
[Site "Chennai"]
[Date "2022.08.07"]
[Round "9.1"]
[White "Ebosse, Kingue Victor"]
[Black "Hassan Sidi, Mohamed Cheikh"]
[Result "1-0"]
[WhiteElo "2054"]
[BlackElo "1825"]
[PlyCount "127"]
[EventDate "2022.07.29"]
[EventType "team-swiss"]
[EventRounds "11"]
[EventCountry "IND"]
[SourceTitle "CBM 210"]
[Source "ChessBase"]
[SourceDate "2022.10.31"]
[SourceVersion "1"]
[SourceVersionDate "2022.10.31"]
[SourceQuality "1"]
[WhiteTeam "Cameroon"]
[BlackTeam "Mauritania"]
[WhiteTeamCountry "CAM"]
[BlackTeamCountry "MAU"]

1. e4 e5 2. Nf3 Nc6 3. Bc4 Nf6 4. d3 Bc5 5. c3 a6 6. 0-0 d6 7. d4 Ba7 8. Re1 Bg4 9. Be3 Bxf3 10. Qxf3 exd4 11. cxd4 Bxd4 12. Bxd4 Nxd4 13. Qc3 Nc6 14. Bd5 Qd7 15. Nd2 0-0 16. Rac1 Nxd5 17. exd5 Ne7 18. Qxc7 Qxc7 19. Rxc7 Nxd5 20. Rxb7 Rab8 21. Rxb8 Rxb8 22. Nc4 h6 23. Rd1 Rb4 24. b3 Nc3 25. Rd2 d5 26. Ne3 d4 27. Nc4 Rb8 28. Kf1 Rd8 29. f3 f6 30. Na5 Rd6 31. b4 d3 32. Nb7 Rd4 33. Nc5 Nxa2 34. Rxd3 Rxd3 35. Nxd3 Kf7 36. Ke1 Ke6 37. Nc5+ Kd5 38. Nxa6 Kc4 39. b5 Kxb5 40. Nc7+ Kc6 41. Ne8 g6 42. Nxf6 h5 43. Kd2 Nb4 44. Ke3 Kd6 45. Kf4 Ke6 46. Kg5 Kf7 47. f4 Nd3 48. f5 gxf5 49. Nxh5 Ne1 50. Nf4 Nc2 51. Kxf5 Kg7 52. Kg5 Ne3 53. h4 Kh8 54. g4 Kg7 55. h5 Kh7 56. Kh4 Kg7 57. g5 Nf5+ 58. Kg4 Ne3+ 59. Kf3 Nf5 60. Ke4 Ng3+ 61. Ke5 Nxh5 62. Nxh5+ Kg6 63. Kf4 Kxh5 64. Kf5 1-0

[Event "Francophonie-chT Rapid"]
[Site "Tornelo INT"]
[Date "2022.06.05"]
[Round "11.14"]
[White "Hassan Sidi, Mohamed Cheikh"]
[Black "Koita, Idrissa"]
[Result "1-0"]
[WhiteElo "1825"]
[BlackElo "1611"]
[PlyCount "61"]
[EventDate "2022.06.04"]
[EventType "team-swiss (rapid)"]
[EventRounds "11"]
[EventCountry "FRA"]
[SourceTitle "CBM 208 Extra"]
[Source "ChessBase"]
[SourceDate "2022.07.31"]
[SourceVersion "1"]
[SourceVersionDate "2022.07.31"]
[SourceQuality "1"]
[WhiteTeam "Mauritania II"]
[BlackTeam "Burkina Faso"]
[WhiteTeamCountry "MAU"]
[BlackTeamCountry "BUR"]

1. e4 e5 2. Nf3 d6 3. d4 Nc6 4. dxe5 Bg4 5. exd6 Bxd6 6. Be2 Nf6 7. Nbd2 0-0 8. 0-0 Re8 9. h3 Bh5 10. Bd3 Bg6 11. Re1 Ne5 12. Nxe5 Bxe5 13. Nf3 Qd6 14. Nxe5 Rxe5 15. Bf4 Rae8 16. Bxe5 Rxe5 17. f4 Qd4+ 18. Kh2 Rh5 19. f5 Rg5 20. fxg6 Qf2 21. gxf7+ Kf8 22. Qf3 Qh4 23. g3 Qh6 24. e5 Rh5 25. Bf1 Qd2+ 26. Re2 Qh6 27. exf6 gxf6 28. Rae1 Kxf7 29. Re7+ Kg6 30. Bd3+ Rf5 31. Qxf5# 1-0

[Event "Francophonie-chT Rapid"]
[Site "Tornelo INT"]
[Date "2022.06.04"]
[Round "1.11"]
[White "Abderrahim Taleb, Mohamed"]
[Black "Hassan Sidi, Mohamed Cheikh"]
[Result "1-0"]
[WhiteElo "2084"]
[BlackElo "1825"]
[PlyCount "55"]
[EventDate "2022.06.04"]
[EventType "team-swiss (rapid)"]
[EventRounds "11"]
[EventCountry "FRA"]
[SourceTitle "CBM 208 Extra"]
[Source "ChessBase"]
[SourceDate "2022.07.31"]
[SourceVersion "1"]
[SourceVersionDate "2022.07.31"]
[SourceQuality "1"]
[WhiteTeam "Mauritania"]
[BlackTeam "Mauritania II"]
[WhiteTeamCountry "MAU"]
[BlackTeamCountry "MAU"]

1. e4 e5 2. Nf3 Nc6 3. Nc3 Nf6 4. d4 exd4 5. Nxd4 Bb4 6. Nxc6 bxc6 7. Bd3 d5 8. exd5 cxd5 9. 0-0 0-0 10. Bg5 c6 11. Ne2 h6 12. Bh4 Bd6 13. Nd4 c5 14. Nf5 Bxf5 15. Bxf5 Be5 16. c3 Qd6 17. Bg3 Rab8 18. f4 Bd4+ 19. cxd4 Rxb2 20. dxc5 Qxc5+ 21. Bf2 Qc4 22. Bd4 Rxa2 23. Rxa2 Qxa2 24. Bxf6 gxf6 25. Bb1 Qc4 26. Qg4+ Kh8 27. Qf5 Qd4+ 28. Kh1 1-0

[Event "African-ch rapid"]
[Site "Casablanca"]
[Date "2019.08.27"]
[Round "8"]
[White "Hassan Sidi, Mohamed Cheikh"]
[Black "Koualet Bebondi, Vianney Archeveq"]
[Result "1-0"]
[WhiteElo "1786"]
[BlackElo "1679"]
[PlyCount "73"]
[EventDate "2019.08.26"]
[EventType "swiss (rapid)"]
[EventRounds "9"]
[EventCountry "MAR"]
[SourceTitle "EXT 2020"]
[Source "ChessBase"]
[SourceDate "2019.10.17"]
[SourceVersion "1"]
[SourceVersionDate "2019.10.17"]
[SourceQuality "1"]

1. e4 e5 2. Nf3 d6 3. d4 exd4 4. Nxd4 Nf6 5. Nc3 c6 6. Be3 Be7 7. f3 0-0 8. Qd2 a6 9. 0-0-0 b5 10. g4 Qa5 11. Kb1 b4 12. Nce2 c5 13. Nf5 Bxf5 14. exf5 Ne8 15. Nf4 Nc7 16. Bc4 Nd7 17. g5 Ne5 18. Bd5 Nxd5 19. Nxd5 Bd8 20. Qg2 g6 21. Qh3 Qb5 22. Nf6+ Bxf6 23. gxf6 Kh8 24. Qh6 Rg8 25. Rhg1 Qd7 26. fxg6 fxg6 27. Bxc5 Nf7 28. Qh4 a5 29. Bxd6 Rad8 30. Bf4 Qxd1+ 31. Rxd1 Rxd1+ 32. Bc1 Rgd8 33. b3 Rf1 34. Kb2 Rdd1 35. Qf4 h6 36. Qb8+ Kh7 37. Qf8 1-0

[Event "African-ch rapid"]
[Site "Casablanca"]
[Date "2019.08.26"]
[Round "4"]
[White "Hassan Sidi, Mohamed Cheikh"]
[Black "Ebosse, Kingue Victor"]
[Result "0-1"]
[WhiteElo "1786"]
[BlackElo "2055"]
[PlyCount "96"]
[EventDate "2019.08.26"]
[EventType "swiss (rapid)"]
[EventRounds "9"]
[EventCountry "MAR"]
[SourceTitle "EXT 2020"]
[Source "ChessBase"]
[SourceDate "2019.10.17"]
[SourceVersion "1"]
[SourceVersionDate "2019.10.17"]
[SourceQuality "1"]

1. d4 Nf6 2. Nc3 e6 3. e4 Bb4 4. Bd3 Nc6 5. a3 Bxc3+ 6. bxc3 d6 7. Nf3 e5 8. h3 h6 9. 0-0 0-0 10. a4 Re8 11. d5 Ne7 12. Nd2 Ng6 13. Nc4 a5 14. Be3 Qe7 15. Na3 Bd7 16. Nb5 c6 17. dxc6 Bxc6 18. f3 Nh5 19. Bc4 Nhf4 20. Bxf4 Nxf4 21. Kh2 Rad8 22. g3 Ne6 23. Bb3 Nc5 24. Bd5 Kh8 25. c4 Rf8 26. Qd2 f5 27. Nc3 Rf6 28. exf5 Rxf5 29. Be4 Rf6 30. Nd5 Bxd5 31. Qxd5 Rdf8 32. Ra3 Qc7 33. Rb1 h5 34. h4 Rg8 35. Kg2 g6 36. Qd2 Kg7 37. Qd5 Rgf8 38. Rb5 R8f7 39. Kh3 Re7 40. Qd2 Nxe4 41. fxe4 Qxc4 42. Qd3 Qe6+ 43. Kg2 Qg4 44. Ra1 Ref7 45. Rxa5 Rf2+ 46. Kg1 R2f3 47. Qd1 Rxg3+ 48. Kh2 Qh3# 0-1

[Event "African-ch rapid"]
[Site "Casablanca"]
[Date "2019.08.26"]
[Round "5"]
[White "Marie, Patrick"]
[Black "Hassan Sidi, Mohamed Cheikh"]
[Result "1-0"]
[WhiteElo "1921"]
[BlackElo "1786"]
[PlyCount "131"]
[EventDate "2019.08.26"]
[EventType "swiss (rapid)"]
[EventRounds "9"]
[EventCountry "MAR"]
[SourceTitle "EXT 2020"]
[Source "ChessBase"]
[SourceDate "2019.10.17"]
[SourceVersion "1"]
[SourceVersionDate "2019.10.17"]
[SourceQuality "1"]

1. e4 e6 2. b3 d5 3. Bb2 d4 4. f4 c5 5. Nf3 Nf6 6. Bb5+ Nc6 7. Bxc6+ bxc6 8. d3 Ng4 9. Bc1 c4 10. bxc4 Bb4+ 11. Kf1 Qb6 12. h3 Ne3+ 13. Bxe3 dxe3 14. c3 Bd6 15. e5 Qb2 16. Nbd2 exd2 17. exd6 Qxc3 18. Ke2 Qb4 19. Qxd2 Qxd6 20. Rab1 0-0 21. Rhd1 c5 22. Qe3 Ba6 23. Kf2 Rab8 24. Ng5 Rbc8 25. Qe4 g6 26. Qe3 Rfd8 27. Ne4 Qd4 28. Qxd4 Rxd4 29. Ke3 Rcd8 30. Rbc1 Bxc4 31. Nxc5 Bb5 32. Rc3 Bc6 33. g3 Bg2 34. h4 h5 35. Ra3 R4d5 36. Rd2 Rxc5 37. Rxg2 Rcd5 38. Rc2 R8d7 39. Rac3 Kg7 40. Rb2 Kf6 41. Rbb3 Kf5 42. Kf3 Ra5 43. Ra3 Rxa3 44. Rxa3 Rd5 45. Rc3 a5 46. Ra3 Kf6 47. Rc3 Kf5 48. Ra3 Kf6 49. Rc3 Rb5 50. Rb3 Rd5 51. Ke4 Rc5 52. a4 Rd5 53. Rb5 Rxb5 54. axb5 Ke7 55. Kd4 Kd6 56. Kc4 Kc7 57. Kc5 a4 58. Kb4 Kb6 59. Kxa4 f6 60. Kb4 g5 61. Kc4 gxf4 62. gxf4 f5 63. Kd4 Kxb5 64. Ke5 Kc5 65. Kxe6 Kd4 66. Kxf5 1-0